<?xml version="1.0" encoding="UTF-8"?>
<collection xmlns="http://www.loc.gov/MARC21/slim">
<record>
  <controlfield tag="001">5509</controlfield>
  <controlfield tag="005">20211221153600.0</controlfield>
  <datafield tag="037" ind1=" " ind2=" ">
    <subfield code="a">CTALK-2021-0091</subfield>
  </datafield>
  <datafield tag="100" ind1=" " ind2=" ">
    <subfield code="a">Kahraman Aliçavuş, F.</subfield>
  </datafield>
  <datafield tag="245" ind1=" " ind2=" ">
    <subfield code="a">Analysis of a TESS field oEA system TZ Dra</subfield>
  </datafield>
  <datafield tag="260" ind1=" " ind2=" ">
    <subfield code="c">2021</subfield>
  </datafield>
  <datafield tag="269" ind1=" " ind2=" ">
    <subfield code="c">2021-09-03</subfield>
  </datafield>
  <datafield tag="520" ind1=" " ind2=" ">
    <subfield code="a">Oscillating eclipsing Algols (oEA) are semi-detached systems including one main-sequence B-F pulsating star and one evolved component which transfers its matter to the pulsating component through the 1st Lagrangian point. As we are able to obtain precise fundamental stellar parameters (mass, radius) with the simultaneous analysis of radial velocity changes and binary light curves, these systems are beneficial to examine the binary evolution and their pulsations in great detail. In this study, we introduce the results of our comprehensive photometric and spectroscopic analysis of the oEA system TZ Dra. As a result, we derived the fundamental stellar and atmospheric parameters and investigated the pulsational variations. The Halpha lines show clear evidence of mass transfer in the system. The mass transfer/loss from the system was supported with the orbital period variation analysis. We derived a mass loss rate of 3.52x10−10 M⊙/year for TZ Dra. The matter leaves the system most probably through the hotspot on the primary component and winds. The analysis of pulsations also revealed that the system is a tidally tilted pulsator.</subfield>
  </datafield>
  <datafield tag="594" ind1=" " ind2=" ">
    <subfield code="a">NO</subfield>
  </datafield>
  <datafield tag="700" ind1=" " ind2=" ">
    <subfield code="a">Handler, G.</subfield>
  </datafield>
  <datafield tag="700" ind1=" " ind2=" ">
    <subfield code="a">Aliçavuş, F.</subfield>
  </datafield>
  <datafield tag="700" ind1=" " ind2=" ">
    <subfield code="a">De Cat, P.</subfield>
  </datafield>
  <datafield tag="700" ind1=" " ind2=" ">
    <subfield code="a">Lampens, P.</subfield>
  </datafield>
  <datafield tag="700" ind1=" " ind2=" ">
    <subfield code="a">Ekinci, O.</subfield>
  </datafield>
  <datafield tag="700" ind1=" " ind2=" ">
    <subfield code="a">Gumus, D.</subfield>
  </datafield>
  <datafield tag="700" ind1=" " ind2=" ">
    <subfield code="a">Leone, F.</subfield>
  </datafield>
  <datafield tag="773" ind1=" " ind2=" ">
    <subfield code="t">Turkish Physics Society 37th International Physics Congress (Bodrum, Turkey)</subfield>
  </datafield>
  <datafield tag="856" ind1="0" ind2=" ">
    <subfield code="f">peter.decat@observatoire.be</subfield>
  </datafield>
  <datafield tag="906" ind1=" " ind2=" ">
    <subfield code="a">Contributed</subfield>
  </datafield>
  <datafield tag="980" ind1=" " ind2=" ">
    <subfield code="a">CTALKCONT</subfield>
  </datafield>
</record>
</collection>